000 00692nam a2200121Ia 4500
008 220615s9999||||xx |||||||||||||| ||und||
100 _aMonk, Daniel Bertrand||Mundy, Jacob
245 4 _aThe Post-Conflict Environment
_bInvestigation and Critique
546 _aEnglish[eng]
650 _aPolitical Science||Algeria||Conflict resolution||Kosovo||Lebanon||Peacebuilding||Refugee||Sierra Leone
856 _uhttps://library.oapen.org/bitstream/20.500.12657/30555/1/645353.pdf||https://library.oapen.org/bitstream/20.500.12657/30555/1/645353.pdf||https://library.oapen.org/bitstream/20.500.12657/30555/1/645353.pdf||https://library.oapen.org/bitstream/20.500.12657/30555/1/645353.pdf
942 _cEB
999 _c18369
_d18369